000 00317nam a22001337a 4500
020 _a0-7214-0881-0
082 _a823
_bAWD/T
100 _aAWDRY, W
245 _aTHOMAS GOES FISHING JAMES & THE TROUBLEN TRUCKS
260 _aENGLAND
_bLADY BIRD
300 _a43
650 _aENGLISH SHORT STORY
_zENGLAND
942 _cBK
999 _c2243
_d2243